000
00211 a2200097 4500
001
18550
100
_a
Hussain M.S.N
245
_a
Mashkat Sharif
260
_a
_b
Sh ghulam academy
_c
1964
090
_c
13780
_d
13780
942
_a
NUST-CAE
_c
M
_c
4203
999
_c
253623
_d
253623